=LDR 00000nam 2200000 4500 =001 INLIS00000000000011 =005 20260702043538 =020 ##$$a 978-623-4761-11-5 =082 ##$$a 923.159 =100 1#$$a Mallo, A.Saibani Indrayani =245 1 $$a B.J.Habibie,Ilmuwan Cerdas Bernas & Berintegritas /$c A.Saibani Indrayani Mallo =300 ##$$a 24 ; 20 x 20 cm